Sports Quiz

Random Sports or Golf Quiz
Score 0/50 Timer 08:00
0 Plays Today
Player (Nationality) Player % Correct
2 (England)Justin Rose
97.4%
3 (US)Dustin Johnson
95.4%
8 (Northern Ireland)Rory McIlroy
94.3%
13 (US)Tiger Woods
93.5%
17 (US)Jordan Spieth
91.5%
7 (Italy)Francesco Molinari
90.1%
1 (US)Brooks Koepka
90%
4 (US)Justin Thomas
89.4%
6 (Spain)John Rahm
88.1%
24 (Spain)Sergio Garcia
85.8%
26 (Sweden)Henrik Stenson
85.7%
14 (Australia)Jason Day
82.4%
32 (US)Phil Mickelson
79.8%
12 (England)Tommy Fleetwood
79%
15 (US)Patrick Reed
76.1%
11 (US)Rickie Fowler
73.8%
41 (Australia)Adam Scott
72.1%
16 (US)Bubba Watson
67.2%
28 (Japan)Hideki Matsuyama
65.6%
40 (England)Ian Poulter
64.9%
5 (US)Bryson DeChambeau
62.4%
25 (South Africa)Louis Oosthuizen
61.5%
9 (US)Tony Finau
60.7%
22 (England)Paul Casey
59.8%
19 (Sweden)Alexander Noren
58.1%
Player (Nationality) Player % Correct
20 (Australia)Marc Leishman
55.5%
34 (US)Matt Kuchar
54.2%
29 (Spain)Rafael Cabrera-Bello
50.4%
42 (China)Haotong Li
48.1%
21 (US)Webb Simpson
47.8%
23 (England)Tyrrell Hatton
47.6%
10 (US)Xander Schauffele
47.1%
43 (Denmark)Thorbjorn Olesen
46.2%
27 (Australia)Cameron Smith
46.1%
49 (South Africa)Branden Grace
45%
37 (Thailand)Kiradech Aphibarnrat
41.9%
39 (England)Matthew Fitzpatrick
39.1%
31 (US)Gary Woodland
35.3%
47 (Argentina)Emiliano Grillo
34.2%
44 (England)Matt Wallace
32.4%
30 (US)Keegan Bradley
30.7%
50 (US)Brandt Snedeker
30.4%
38 (US)Kevin Kisner
29.1%
48 (US)Kevin Na
27.7%
18 (US)Patrick Cantlay
26.5%
35 (England)Eddie Pepperell
21.6%
45 (Denmark)Lucas Bjerregaard
17.4%
36 (US)Billy Horschel
16.6%
46 (Japan)Satoshi Kodaira
14.6%
33 (US)Kyle Stanley
12.2%
Remove Ads.
Support Sporcle.
Get the best of Sporcle when you Go Orange. This ad-free experience offers more features, more stats, and more fun while also helping to support Sporcle. Thank you for becoming a member.

You're not logged in!

Compare scores with friends on all Sporcle quizzes.
OR
Log In

Show Comments

Extras

Top Quizzes Today


Score Distribution

Your Account Isn't Verified!

In order to create a playlist on Sporcle, you need to verify the email address you used during registration. Go to your Sporcle Settings to finish the process.

Report this User

Report this user for behavior that violates our Community Guidelines.

Details: